000 01066nam a2200289 a 4500
001 000044055
005 20201002045123.0
008 140514s1999 sp 000 0 spa d
020 _a8408029533
040 _aDO-SdBNP
_bspa
_cBNPHU
082 _a946.082
_bP153e
100 1 _aPalacios, Jesús
_d1952-
_972037
245 1 3 _aLa España Totalitaria :
_blas raíces del franquismo, 1934-1946 /
_cJesús Palacios ; prólogo de Stanley G. Payne.
260 _aEspaña :
_bPlaneta,
_c1999.
300 _a590 p., [8] p. de lám. ;
_c24 cm.
490 1 _aLa España Plural
500 _aIncluye índice
504 _aIncluye referencias bibliográficas y notas al pie de las páginas
504 _aBibliografía : p. 568 -581
600 1 _aFRANCO, FRANCISCO
_d1892 - 1975)
_972038
650 4 _aFranquismo
_941919
650 4 _aFranquismo- fuentes
_972039
651 4 _aEspaña
_xPolítica Y Gobierno
_y1939-1975
_918892
651 4 _aEspaña
_xPolítica Y Gobierno
_vFUENTES
_972040
700 1 2 _aPayne, Stanley G.
_epról.
_972041
830 0 _aLa España Plural
_972042
999 _c43544
_d43544